|
|
|
|
| LEADER |
00000nam a22000007a 4500 |
| 005 |
20120918173218.0 |
| 007 |
cr|||| |||| |
| 008 |
120918s2009 co |||||s|||| 00||0 spa d |
| 020 |
|
|
|a 978-958-8371-31-3
|
| 035 |
|
|
|a 6705
|
| 040 |
|
|
|a vLex
|
| 090 |
|
|
|c 3441
|d 3441
|
| 100 |
1 |
|
|a Dagoberto Ocampo, Edgar
|
| 245 |
1 |
0 |
|a Administracin̤ Financiera
|h [Recurso electrn̤ico] :
|b Base para la toma de decisiones econm̤icas y financieras /
|c Edgar Dagoberto Ocampo
|
| 256 |
|
|
|a Servicio en ln̕ea
|
| 260 |
|
|
|a Bogot ̀:
|b Editorial Nueva Legislacin̤,
|c 2009
|
| 300 |
|
|
|a 1 recurso electrn̤ico
|
| 506 |
1 |
|
|a Contenido solo disponible en los productos indicados
|d vLex Global
|d vLex Global (Academic Edition, excluding Law Schools)
|d vLex Global (U.S. Academic Edition, Law Schools)
|d vLex Global (U.S. Academic Edition, excluding Law Schools)
|d vLex Global (Academic Edition, Law Schools)
|
| 650 |
0 |
4 |
|a Derecho fiscal
|z Mx̌ico
|
| 650 |
0 |
4 |
|a Derecho fianciero
|z Mx̌ico
|
| 740 |
0 |
|
|a vLex Libros (Servicio en ln̕ea)
|
| 856 |
4 |
0 |
|u http://vlex.com/source/administracion-financiera-base-toma-decisiones-economicas-financieras-6705
|z Acceso restringido
|
| 942 |
|
|
|c BOOK
|
| 999 |
0 |
|
|a Taxation
|
| 999 |
0 |
|
|a Finance--Law and legislation
|